| 000 | 00000nam##2200000za#4500 |
| 001 | 9.700138 |
| 003 | CaOODSP |
| 005 | 20250319164423 |
| 007 | cr ||||||||||| |
| 008 | 150407|2014||||xxc|||||o f|0| 0 eng|d |
| 020 | |a978-1-100-25398-5 |
| 040 | |aCaOODSP|beng |
| 043 | |an-cn--- |
| 086 | 1 |aEm12-7/2014E-PDF |
| 110 | 1 |aCanada.|bEmployment and Social Development Canada. |bThe National Seniors Council. |
| 245 | 10|aScoping review of the literature : |h[electronic resource]|bsocial isolation of seniors, 2013-2014 |
| 260 | |aGatineau - Quebec : |bEmployment and Social Development Canada. |cAugust 2014. |
| 300 | |a22p.|breferences |
| 590 | |a15-10|b2015-03-06 |
| 690 | 07|aSocial issues|2gcpds |
| 690 | 07|aSeniors|2gcpds |
| 775 | 08|tRevue exploratoire de la littérature : |w(CaOODSP)9.644038 |
| 856 | 40|ahttp://publications.gc.ca|qPDF|s460 KB|uhttps://publications.gc.ca/collections/collection_2015/edsc-esdc/Em12-7-2014-eng.pdf |
| 986 | |aSSD-139-12-14E |